Best NBA Players to Wear Each Number - Statistics

General Stats
  • This quiz has been taken 7 times
    6 since last reset
  • The average score is 25 of 40
Answer Stats
Number Player % Correct
7 Kevin Durant
100%
35 Kevin Durant
100%
8 Kobe Bryant
100%
24 Kobe Bryant
100%
33 Larry Bird
100%
23 Michael Jordan
100%
34 Shaquille O'Neal
100%
91 Dennis Rodman
80%
11 Isiah Thomas
80%
44 Jerry West
80%
12 John Stockton
80%
2 Kawhi Leonard
80%
5 Kevin Garnett
80%
77 Luka Dončić
80%
15 Nikola Jokić
80%
0 Russell Westbrook
80%
30 Stephen Curry
80%
21 Tim Duncan
80%
13 Wilt Chamberlain
80%
22 Clyde Drexler
60%
50 David Robinson
60%
41 Dirk Nowitzki
60%
3 Dwayne Wade
60%
17 John Havlicek
60%
32 Magic Johnson
60%
14 Oscar Robertson
60%
00 Robert Parish
60%
1 Tracy McGrady
60%
6 Bill Russell
40%
20 Gary Payton
40%
99 George Mikan
40%
4 Joe Dumars
40%
16 Pau Gasol
40%
31 Reggie Miller
40%
10 Walt Frazier
40%
9 Bob Pettit
20%
55 Dikembe Mutombo
20%
40 Shawn Kemp
20%
25 Gail Gooddrich
0%
42 James Worthy
0%
No matching quizzes found
Score Distribution
Percent of People with Each Score
Percentile by Number Answered
Your Score History
You have not taken this quiz since the last reset